Loading...
Vidyafiasathinte samuhya bhumika /
| Main Author: | |
|---|---|
| Language: | Undetermined |
| LEADER | 00346nam a2200109Ia 4500 | ||
|---|---|---|---|
| 001 | 171615 | ||
| 008 | 170722s9999 xx 000 0 und d | ||
| 100 | |a Joseph, J. | ||
| 245 | |a Vidyafiasathinte samuhya bhumika / | ||
| 942 | |c GEN | ||
| 999 | |c 163195 |d 163195 | ||
| 952 | |0 0 |1 0 |4 0 |6 T_Y_32L12 |7 0 |9 227425 |a LIB |b LIB |d 2017-08-12 |o T:(Y) 32L1;2 |p G25400 |r 2017-08-12 |w 2017-08-12 |y GEN | ||